00974nam a2200217 a 450000500170000000800410001702000180005805000180007610000180009424500820011226000380019430000190023244000200025165000160027165000130028799900190030095201100031995201100042995201100053995201070064920140412111323.0001113s19uu xx 00 eng d a0-307-12474-6 aERbPo75 1995 aPackard, Mary aPocahontas into the forest /cby Mary Packard ; illustrated by Darrell Baker. aNew York :bA Golden Book,c1995. a[12] p. ; ill. aDisney's Series aFairy tales aFolklore c104481d104481 00104050aELbELcERd2000-11-13eDonationl0oER Po75 1995pE7995r2014-04-12 00:00:00w2014-04-12yBK 00104050aELbELcERd2001-03-23eDonationl0oER Po75 1995pE6373r2014-04-12 00:00:00w2014-04-12yBK 00104050aELbELcERd2003-02-06eDonationl0oER Po75 1995pE9038r2014-04-12 00:00:00w2014-04-12yBK 001040aELbELcERd2011-04-07eDonationl0oER Po75 1995pE6374r2014-04-12 00:00:00w2014-04-12yBK